I̜mintos tūkstantmečio mi̜slės

Titel: I̜mintos tūkstantmečio mi̜slės : Šventasis Brunonas Bonifacas, senovės baltai ir Lietuvos pasienis / Letas Palmaitis
Verfasser:
Veröffentlicht: Kaunas : Kalendorius, 2009
Umfang: 189 S. : Ill., Kt.
Format: Buch
Sprache: Litauisch
Schlagworte:
ISBN: 9789955746324
Buchumschlag
X
Lokale Klassifikation: 2 B 2239 ; 6 11 A ; 44 11 A ; 45 11 A ; 44 10 A ; 46 10 A
alg: 21557000
001A    $03004:04-09-09 
001B    $01999:03-06-23 $t04:25:54.000 
001C    $03004:04-09-09 $t12:02:29.000 
001D    $03004:19-10-09 
001U    $0utf8 
001X    $00 
002@    $0Aau 
003@    $0215570006 
003O    $0553938768 $aOCoLC 
004A    $A978-9955-746-32-4 
007A    $0215570006 $aHEB 
007G    $0DE020131E7427D7F74239C1257A69003D9BFD 
007T    $0Herdhh215570006 
009P    $qapplication/pdf $A2 $3Inhaltsverzeichnis $uhttp://scans.hebis.de/HEBCGI/show.pl?21557000_toc.pdf $mV:DE-603;B:DE-Mb50 
010@    $alit 
011@    $a2009 
021A    $aI̜mintos tūkstantmečio mi̜slės $dŠventasis Brunonas Bonifacas, senovės baltai ir Lietuvos pasienis $hLetas Palmaitis 
028A    $#Klosse, Michael $#Klosse, Mikelis $#Klosse, Mikkels $#Klosse Klussis, Mikkels $#Klusis, Mikelis $#Klusis, M. $#Klussis, Mikkel $#Palmaitis, L. $#Palmaĭtis, Mikolas L. $#Palmajtis, L. M. $#Palmajtis, M. L. $#Palmajtis, Mikolas L. $#Klosse, Mikkel $#Klussis, Mikkels $#Palmajtis, L.M. $#Palmajtis, Lėtas Konstantino $#Palmaitis, Letas $7120120410 $8Palmaitis, Mykolas Letas$Z1944- [Tp1] $9151779139 
033A    $pKaunas $nKalendorius 
034D    $a189 S. 
034M    $aIll., Kt. 
044K    $#Bruno  $#Bonifatius  $#Bonifatius  $#Bruno  $#Bruno  $#Bruno  $#Bruno  $#Bruno  $#Bonifatius  $#Bruno  $#Brun  $#Brunon  $#Carinthia, Bruno von $#Bruno  $#Brunon  $#Brun  $7118674749 $8$PBruno$lQuerfurtensis$Z974-1009 [Tp1] $9087015617 
045F    $a200.943832 $eDDC23BSB 
045F/01 $a200.9 
045F/03 $g43832 
045F/03 $g479 
045F/03 $g4793 
045G    $a400 $eDDC23BSB 
045G/01 $a400 
045G/03 $g479 
045G/03 $g4796 
046M    $aLiteraturverz. S. 183 - 187 

lok: 21557000 24
101B    $019-10-09 $t11:04:19.000 
101C    $019-10-09 
101U    $0utf8 
145Z/01 $a2 B 2239 
145Z/02 $a6 11 A 
145Z/03 $a44 11 A 
145Z/04 $a45 11 A 
145Z/05 $a44 10 A 
145Z/06 $a46 10 A 

exp: 21557000 24 1 #EPN
201B/01 $019-10-09 $t11:20:16.000 
201C/01 $004-09-09 
201U/01 $0utf8 
203@/01 $058140128X 
208@/01 $a04-09-09 $bz 
209A/01 $a2° - 09.6755 $du $f050 $h09 6755 $x00 
209C/01 $a09.6755 K $h09 6755 K 
209G/01 $a72523547 $x00 
220C/01 $amar 
247C/01 $8358050-7 Marburg, Bibliothek des Herder-Instituts Marburg $9102600961 

lok: 21557000 78

exp: 21557000 78 1 #EPN
201B/01 $019-04-17 $t21:47:31.000 
201U/01 $0utf8 
203@/01 $0793526760 
208@/01 $a12-11-16 $be 
209A/01 $a/ $f000 $x00 
237A/01 $aweiterführende Signatur(en):  2ţ - 09.6755 
244Z/01 $2Trx $#Litauen $#Lithuania $#Litwa $#Litva $#Litva $8--Trx--Lietuva $x01 $9391193457 
244Z/01 $2Trx $8--Trx--Monographie $x02 $9391384546 
247C/01 $82080>Marburg/Lahn, Herder-Institut, Forschungsbibliothek, Bibliographieportal $9336309341
LEADER 00000cam a2200000 c 4500
001 215570006
003 DE-603
005 20230603042554.0
007 tu
008 090904s2009 xx |||| | u00||u|lit c
020 |a 9789955746324 
035 |a (DE-599)HEB215570006 
035 |a (OCoLC)553938768 
040 |a DE-603  |b ger  |c DE-603  |d DE-603 
041 |a lit 
082 0 4 |8 1\u  |a 200.943832  |q DE-101  |2 23/BSB 
083 0 |8 2\u  |a 400  |q DE-101  |2 23/BSB 
085 |8 1\u  |b 200.9 
085 |8 1\u  |z 2  |s 43832 
085 |8 1\u  |z 2  |s 479 
085 |8 1\u  |z 2  |s 4793 
085 |8 2\u  |b 400 
085 |8 2\u  |z 2  |s 479 
085 |8 2\u  |z 2  |s 4796 
100 1 |a Palmaitis, Mykolas Letas  |d 1944-  |0 (DE-603)151779139  |0 (DE-588)120120410  |2 gnd 
245 0 0 |a I̜mintos tūkstantmečio mi̜slės  |b Šventasis Brunonas Bonifacas, senovės baltai ir Lietuvos pasienis  |c Letas Palmaitis 
264 1 |a Kaunas  |b Kalendorius  |c 2009 
300 |a 189 S.  |b Ill., Kt. 
504 |a Literaturverz. S. 183 - 187 
600 0 7 |a Bruno  |c Querfurtensis  |d 974-1009  |0 (DE-588)118674749  |0 (DE-603)087015617  |2 gnd 
856 4 2 |m V:DE-603;B:DE-Mb50  |q application/pdf  |u http://scans.hebis.de/HEBCGI/show.pl?21557000_toc.pdf  |3 Inhaltsverzeichnis 
924 0 |9 Mb 50  |a (DE-603)58140128X  |b DE-Mb50  |c HES  |d c  |g 2° - 09.6755 
924 0 |9 2080  |a (DE-603)793526760  |b DE-2080  |c HES  |d d  |g /